5HLuxD.jpg

KING HENRY VIII SENIOR AND PRIMARY SCHOOL LIBRARY OPAC

PLANT VARIATION AND CLASSIFICATION (Record no. 4911)

000 -LEADER
fixed length control field 00336nam a22001217a 4500
008 - FIXED-LENGTH DATA ELEMENTS--GENERAL INFORMATION
fixed length control field 250422b ||||| |||| 00| 0 eng d
020 ## - INTERNATIONAL STANDARD BOOK NUMBER
International Standard Book Number 9780750296557
082 ## - DEWEY DECIMAL CLASSIFICATION NUMBER
Classification number 580.1 BAL
100 ## - MAIN ENTRY--PERSONAL NAME
Personal name BALLARD,CAROL
Relator term AUTHOR
245 ## - TITLE STATEMENT
Title PLANT VARIATION AND CLASSIFICATION
260 ## - PUBLICATION, DISTRIBUTION, ETC.
Place of publication, distribution, etc. CARMELITE HOUSE,50 VICTORIA EMBANKMENT
Name of publisher, distributor, etc. WAYLAND
942 ## - ADDED ENTRY ELEMENTS (KOHA)
Source of classification or shelving scheme
Holdings
Withdrawn status Lost status Source of classification or shelving scheme Damaged status Not for loan Collection code Permanent Location Current Location Shelving location Date acquired Full call number Barcode Date last seen Price effective from Koha item type Public note
          Non-Fiction KH8 Primary School Library KH8 Primary School Library Non Fiction 2025-04-22 580.1 BAL KHPL000006766 2025-12-05 2025-04-22 Books - Non Ficton KH8 PRIMARY LIBRARY

Powered By KH8 IT Dept